zpět

Detail výsledku týmu

A-Sport, Hradec Králové

Datum a čas kvízu

28 Celkem bodů Celkový počet nahraných bodů na tomto kvízu bez doplňovacích otázek.
6. Pořadí na kvízu Konečné umístění týmu na tomto kvízu.

Zaznamenané odpovědi

# Otázka Odpověď Body Výsledky
1. Jedno české město řeší bizarní... D 0
2. Malá Amelie z Kyjeva přiměla v... Ledové království /Frozen 1
3. Ve čtvrtek měla premiéru komed... Betlémské světlo 0
4. Jako by toho ve světle událost... MOL 1
5. Základní část hokejové extrali... HC Energie Karlovy Vary 1
6. V dalším díle této tematické s... panda velká 1
7. Levhart sněžný je plachá a sam... irbis 0
8. Na obrázku je detail kůže živo... varan komodský 1
9. Tato původně asijská rostlina... vistárie 0
10. Tento vačnatec je endemitem No... kuskus 0